000 00570nam a2200205Ia 4500
005 20250923145920.0
008 008 250917s9999 xx 000 0 eng d
037 _aTextual
040 _aDSWL
_beng
_cDSWL
041 _aeng
_2eng
084 _aX:958.2, N91
_qDSWL
100 _aMukherjee, I.
_9840246
245 0 _aIndustrial workers in a developing society
_c by I. Mukherjee
260 _aDelhi
_bMittal
_c1985
300 _axvv,174p.
365 _aINR
_b125.00
925 _g125.00
942 _cTEXL
_hX:958.2, N91
999 _c1457300
_d1457300